000 00981nam0a22002531 4500
001 rc\4575921
005 20260406170129.0
021 _aRU
_b[59-64973]
035 _a(NLR Aleph) 008654353
090 _a9021957
_c9021957
100 _a20130416d1959 |||y0rusy50 ca
101 0 _arus
102 _aRU
105 _ay z |||||
200 1 _aМатериалы по классификации растительности Урала
_eТезисы докладов на совещании (окт. 1959 г.)
_fАкад. наук СССР. Уральский филиал. Ин-т биологии
210 _aСвердловск
_cБ. и.
_d1959
215 _a100 с.
_d22
606 _aРастительность
_yУрал
_xКлассификация
_2psbo
712 0 2 _aИнститут биологии
_cСвердловск
_3RU\NLR\AUTH\889937430
_9369683
801 0 _aRU
_bNLR
_gpsbo
801 1 _aRU
_bELAR
_2rusmarc
852 _aNLR
_j59-6/9336
942 _cBOOK
980 _aNB